| 000 | 01064nam a22003377a 4500 | ||
|---|---|---|---|
| 003 | CHAP | ||
| 005 | 20220329143517.0 | ||
| 008 | 100419s2000 fr r 00010 eng d | ||
| 010 | _a97751 | ||
| 011 | _a98723 | ||
| 020 | _a9264185313 | ||
| 035 | _a109408 | ||
| 040 | _cCHAP | ||
| 082 | 0 | 4 |
_a301.35 _bOc19 |
| 110 | 1 |
_aOrganización para la Cooperación y el Desarrollo Económicos. París _983559 |
|
| 245 | 1 | 3 |
_aValuing rural amenities _c/by Organización para la Cooperación y el Desarrollo Económicos |
| 260 |
_aParis : _bOECD, _c2000 |
||
| 300 |
_a180 p. : _btablas |
||
| 490 | 0 | _aOECD Proceedings | |
| 490 | 0 | _aTerritorial economy | |
| 590 |
_aBATCH-UPD _b10 _c20130110 _lUCH01 _h0958 |
||
| 590 |
_aCONVERSION _b10 _c20130109 _lUCH01 _h1354 |
||
| 650 | 0 | 4 |
_aCondiciones rurales. _926326 |
| 650 | 0 | 4 |
_aDesarrollo rural. _932067 |
| 830 | 0 |
_aOECD Proceedings _982763 |
|
| 830 | 0 |
_aTerritorial economy _9112428 |
|
| 901 | _aBK | ||
| 911 | _aen proceso | ||
| 942 | _cLIBRO | ||
| 949 |
_a301.35 Oc19 _bBC _cLIBRO _d33724002125561 _eLIBRO _h112365 _i109408 _sb |
||
| 999 |
_c97751 _d97751 |
||